Women in local government: a case study of Central Region (Record no. 90)

MARC details
000 -LEADER
fixed length control field 00489nam a2200169Ia 4500
008 - FIXED-LENGTH DATA ELEMENTS--GENERAL INFORMATION
fixed length control field 240428s9999||||xx |||||||||||||| ||und||
020 ## - INTERNATIONAL STANDARD BOOK NUMBER
International Standard Book Number 9988572298
041 ## - LANGUAGE CODE
Language code of text/sound track or separate title fre
082 ## - DEWEY DECIMAL CLASSIFICATION NUMBER
Classification number 305.4B
100 ## - MAIN ENTRY--PERSONAL NAME
Personal name Brown, C. K. - Ghartey, N.K.T. - Ekumah, E.K.
245 #0 - TITLE STATEMENT
Title Women in local government: a case study of Central Region
260 ## - PUBLICATION, DISTRIBUTION, ETC.
Name of publisher, distributor, etc. Friedrich Ebert Foudation
Place of publication, distribution, etc. Accra
Date of publication, distribution, etc. 1996
300 ## - PHYSICAL DESCRIPTION
Extent xv,78p.:
650 ## - SUBJECT ADDED ENTRY--TOPICAL TERM
Topical term or geographic name entry element Women in Politics - Women in Local Government
942 ## - ADDED ENTRY ELEMENTS (KOHA)
Koha item type Books
Holdings
Withdrawn status Lost status Damaged status Not for loan Home library Current library Shelving location Date acquired Total checkouts Full call number Date last seen Copy number Price effective from Koha item type
        Main Library Main Library Open Shelves 29/07/2021   305.4B 413 C1 29/04/2024 1 29/04/2024 Books
©2026  Parliament of Ghana Library - All rights reserved